Gentilé des provinces canadiennes - Statistiques

Statistiques générales
  • Ce quiz a été pris 39 fois
  • Le résultat moyen est 6 sur 13
Statistiques - réponses
Province Gentilé % Correct
Québec Québécois
100%
Ontario Ontarien
76%
Yukon Yukonais
64%
Alberta Albertain
60%
Saskatchewan Saskatchewanais
52%
Manitoba Manitobain
48%
Nouvelle-Écosse Néo-Écossais
44%
Terre-Neuve-et-Labrador Terre-Neuvien
40%
Nouveau-Brunswick Néo-Brunswickois
36%
Colombie-Britannique Britanno-Colombien
28%
Île-du-Prince-Édouard Prince-Édouardien
16%
Territoires du Nord-Ouest Ténois
4%
Nunavut Nunavummiuq
0%
Aucun quiz correspondant
Distribution des résultats
% des personnes avec chaque résultat
Percentile par nombre de réponses
Votre historique - résultats
Vous n’avez pas pris ce quiz